Medias in Res Vok 27 - Statistiken

Allgemein
  • Dieses Quiz wurde 549 mal gespielt
    428 seit der letzten Aktualisierung
  • Das Durchschnittsergebnis liegt bei 31 aus 40
Antwortstatistiken
Angabe Übs / 2. Fall / Geschlecht Antwort % Korrekt
sanctus/a/um Übs heilig
92%
1. P. dubito
90%
commovere Übs (heftig) bewegen, veranlassen
89%
Perfekt dubitavi
88%
Partizip dubitatum
87%
1. P. commoveo
86%
dubitare Übs zögern, zweifeln
86%
Perfekt commovi
85%
lacrima Übs Träne
84%
dominus Übs Herr
83%
1. P. vado
82%
fuga Übs Flucht
81%
Gen. fugae
81%
Partizip commotum
80%
Gen. domini
80%
genus f.
80%
Gen. lacrimae
80%
genus m.
80%
mundus Übs Welt
80%
genus f.
79%
2. Fall cultus
78%
videtur (+ NcI) Übs er/sie/es scheint
78%
genus m.
78%
genus m.
78%
Gen. mundi
78%
salus Übs Heil, Rettung, Gruß
77%
1. P. refero
76%
vadere Übs gehen
75%
genus f.
74%
proximus/a/um Übs der nächste
72%
dicitur (+ NcI) Übs er/sie/es soll
72%
repente Übs plötzlich
71%
Partizip relatum
71%
cultus Übs Verehrung
66%
dignus/a/um (+ Abl.) Übs würdig
66%
Gen. salutis
64%
quo Übs wohin
63%
obviam Übs entgegen
60%
Perfekt rettuli
57%
referre Übs. berichten
52%
Keine übereinstimmenden Quizze gefunden
Verteilung der Resultate
Anzahl Personen mit jedem Resultat
Perzentil nach korrekt beantworteten Fragen
Ihre Resultats-Entwicklung
Sie haben dieses Quiz seit der letzten Aktualisierung nicht gespielt